• 首页
  • 本馆介绍
  • 公告通知
  • 最新文献
  • 馆藏检索
  • 电子资源
  • 读者导购
  • 参考咨询
  • 我的图书馆
  • 登录
  • 详细信息显示
  • 放入我的书架
  • 预约/预借图书
  • 作者相关作品
  • 分类相关作品
  • 丛书相关作品
  • 出版社相关作品

书目信息

  • 表格格式
  • 工作单格式
  • 卡片格式
题名:
土壤学基础与土壤地理学
    
 
作者: ;南京大学 编
分册:  
出版信息: 北京   人民教育出版社  1980
页数: 351页
开本: 25cm
丛书名:
单 册:
中图分类: S15 , S159
科图分类:
主题词: 土壤学--高等学校--教材 , 土壤地理学--高等学校--教材
电子资源:
ISBN:
000 00757nam0 2200277 45
001 0180009096
005 20040521090756.0
010    @dCNY1.65
091    @a12012.019
100    @a19950526d1980 em y0chiy0121 ea
101 0  @achi
102    @aCN@b110000
105    @ay z 000yy
106    @ar
200 10 @a土壤学基础与土壤地理学@Atu rang xue ji chu yu tu rang di li xue@f南京大学编
210    @a北京@c人民教育出版社@d1980
215    @a351页@d25cm
300    @a高等学校试用教材
606    @a土壤学@x高等学校@x教材
606    @a土壤地理学@x高等学校@x教材
690    @aS15@v3
690    @aS159@v3
711 02 @a南京大学@Anan jing da xue@4编
801  0 @aCN@b上海图书馆@c20040521
801  2 @aCN@bNLC@c20040521
905    @f1@b209405@dS15@e10
    
    土壤学基础与土壤地理学/南京大学编.-北京:人民教育出版社,1980
    351页;25cm
    高等学校试用教材
    
    ISBN :CNY1.65
    
●
相关链接 在E读中查询图书 在五车中查询图书 在当当中查询图书 在豆瓣中查询图书


正题名:土壤学基础与土壤地理学     索取号:S15/10         预约/预借

序号 登录号 条形码 馆藏地/架位号 状态 备注
1 0209405   000717451   第三借阅区/ [索取号:S15/10] 在馆    
2 0209406   202099852   第二样本阅览室/ [索取号:S15/10] 在馆    
唐山师范学院图书馆 欢迎您!
大连网信软件有限公司© 版权所有